000 00602nam a2200169 a 4500
005 20140412111246.0
008 010419s19uu xx 00 eng d
020 _a971-19-0000-9
050 _aFil 363.7
_bVIL 1988
100 _aVillanueva, Rene O.
245 _aSi Inggolok at ang planetang pakaskas /
_cwritten by Rene O. Villanueva & Lem Garcellano; illustrated by Bernard Bunag & Jojo Topacio.
260 _aMetro Manila, Philippines :
_bCacho Publishing House,
_c1988.
300 _a1 v. (unp.) ; ill.
440 _aAklat Batibot
650 _aChildren's stories, Philippines
999 _c102941
_d102941